000 00281nam a2200121Ia 4500
008 190216s9999||||xx |||||||||||||| ||und||
100 _aGeorge Kurrian & Prakh B S
245 0 _aEconomic Geography
260 _bNull
_c1969
300 _a208p
650 _aEconomics
942 _cBK
999 _c9168
_d9168